000 00524nam a2200205Ia 4500
005 20240626095212.0
008 131103s9999 xx 000 0 und d
020 _a8123720149
_cRs.50
040 _aLoreto College
041 _aEnglish
082 _a740
_bSIV
100 _aSivaramamurti, C
245 _aIndian painting
_cC Sivaramamurti
260 _aIndia
_bNational Book Trust
_c1980
300 _axii,131p.
_b ills.
504 _aIncludes bibliography & index
650 _aArts
850 _aLCBED
942 _cBK
999 _c28238
_d78717